00320pab a2200133 454500008004000000100001700040245002600057260000900083300001300092362001100105650002200116650001400138773003400152180718b2009 xxu||||| |||| 00| 0 eng d aVerma, Rahul aDalit voting patterns c2009 ap.95-98. a26 Sep aElections - India aElections aEconomic and Political Weekly